[Event "Chesterfield SPICE Cup op 18th"]
[Site "Chesterfield"]
[Date "2024.10.15"]
[Round "4"]
[White "Rahul, Mynala"]
[Black "Wilber, Matthew K"]
[Result "1-0"]
[WhiteElo "1913"]
[BlackElo "2081"]
[PlyCount "69"]
[EventDate "2024.10.13"]
[EventType "swiss"]
[EventRounds "9"]
[EventCountry "USA"]
[SourceTitle "CB43_2024"]
[Source "Chessbase"]
[SourceDate "2024.10.23"]
[SourceVersion "1"]
[SourceVersionDate "2024.10.23"]
[SourceQuality "1"]

1. e4 e5 2. Nf3 Nc6 3. d4 exd4 4. Nxd4 Nf6 5. Nc3 Bb4 6. Nxc6 bxc6 7. Bd3 d5 8. exd5 0-0 9. 0-0 Bg4 10. f3 Bh5 11. Bg5 Qd6 12. Bxf6 Qxf6 13. Ne4 Qxb2 14. Rb1 Qd4+ 15. Kh1 a5 16. c3 Bxc3 17. Nxc3 Qxc3 18. Rc1 Qe5 19. Rxc6 Rfd8 20. Bc4 Rab8 21. Qe1 Qg5 22. Qg3 Qxg3 23. hxg3 Kf8 24. Re1 f6 25. Rxc7 Bf7 26. Rd1 Rbc8 27. Rxc8 Rxc8 28. Bb5 Ke7 29. d6+ Kd8 30. Re1 Rc5 31. Ba4 Rd5 32. d7 Re5 33. Rc1 Ke7 34. Rc8 Re6 35. d8Q# 1-0

[Event "Chesterfield SPICE Cup op 18th"]
[Site "Chesterfield"]
[Date "2024.10.15"]
[Round "5"]
[White "Yanayt, Eugene"]
[Black "Rahul, Mynala"]
[Result "1-0"]
[WhiteElo "2117"]
[BlackElo "1913"]
[PlyCount "91"]
[EventDate "2024.10.13"]
[EventType "swiss"]
[EventRounds "9"]
[EventCountry "USA"]
[SourceTitle "CB43_2024"]
[Source "Chessbase"]
[SourceDate "2024.10.23"]
[SourceVersion "1"]
[SourceVersionDate "2024.10.23"]
[SourceQuality "1"]

1. d4 d5 2. c4 e6 3. Nf3 Nf6 4. g3 Be7 5. Bg2 0-0 6. 0-0 dxc4 7. Qc2 a6 8. a4 Bd7 9. Rd1 Bc6 10. Nc3 Qe8 11. Bf4 b5 12. Bxc7 Nbd7 13. Ba5 Rc8 14. Re1 b4 15. Nb1 Be4 16. Qc1 Nd5 17. Nbd2 Bxf3 18. Nxf3 f5 19. e4 fxe4 20. Rxe4 Qf7 21. Qf1 Rc6 22. h4 Qf5 23. Ne5 Nxe5 24. Rxe5 Qf7 25. Rae1 Bxh4 26. gxh4 h6 27. h5 Qf4 28. R1e4 Qd2 29. Rg4 Kh8 30. Re2 Qd3 31. Bxd5 exd5 32. Bxb4 Rb8 33. Rg3 Qf5 34. Re5 Qc2 35. Qe1 Rf6 36. Re2 Qxa4 37. Be7 Rfb6 38. Kh2 Rxb2 39. Re6 Qd7 40. Rxh6+ Kg8 41. Rxg7+ Kxg7 42. Qe5+ Kxh6 43. Qf6+ Kh7 44. Qg6+ Kh8 45. Bf6+ Qg7 46. Qxg7# 1-0

[Event "Chesterfield SPICE Cup op 18th"]
[Site "Chesterfield"]
[Date "2024.10.14"]
[Round "2"]
[White "Rahul, Mynala"]
[Black "Fang, Elbert"]
[Result "1/2-1/2"]
[WhiteElo "1913"]
[BlackElo "2130"]
[PlyCount "159"]
[EventDate "2024.10.13"]
[EventType "swiss"]
[EventRounds "9"]
[EventCountry "USA"]
[SourceTitle "CB43_2024"]
[Source "Chessbase"]
[SourceDate "2024.10.23"]
[SourceVersion "1"]
[SourceVersionDate "2024.10.23"]
[SourceQuality "1"]

1. e4 c5 2. Nf3 e6 3. d4 cxd4 4. Nxd4 a6 5. c4 Nf6 6. Nc3 Bb4 7. Qd3 Qc7 8. Be2 Nc6 9. f4 d5 10. cxd5 exd5 11. exd5 Nxd5 12. 0-0 Bxc3 13. bxc3 Nce7 14. Bd2 0-0 15. Kh1 b6 16. Bf3 Bb7 17. f5 Rfe8 18. Rae1 Rac8 19. Be4 b5 20. Qf3 Ba8 21. Qh3 Nf6 22. Bf4 Qd7 23. Bxa8 Rxa8 24. Be5 Ned5 25. Qg3 Rac8 26. Nb3 Re7 27. Bd4 Rce8 28. Rd1 Qc6 29. Rde1 Nh5 30. Qf2 Rxe1 31. Rxe1 Rxe1+ 32. Qxe1 Ndf4 33. Qf2 Qe4 34. Nd2 Qxf5 35. Qf3 Qd5 36. Qxd5 Nxd5 37. Ne4 Nhf4 38. Nc5 Ne2 39. Ne4 f5 40. Nc5 Ndxc3 41. Be5 Nxa2 42. Nxa6 f4 43. Nc5 g5 44. Ne4 h6 45. g3 f3 46. h3 Nac1 47. Nd2 Nd3 48. Bc7 b4 49. Nxf3 b3 50. Nd2 b2 51. Nb1 Kf7 52. Kg2 Ke6 53. Kf3 Nec1 54. h4 Kf5 55. g4+ Kg6 56. hxg5 Kxg5 57. Bd8+ Kg6 58. Ba5 Ne5+ 59. Kg3 Nc4 60. Bb4 Kg5 61. Be7+ Kg6 62. Bb4 Na2 63. Bc5 Nc1 64. Bb4 Kf7 65. Kh4 Ne2 66. Kh5 Kg7 67. g5 Nf4+ 68. Kg4 hxg5 69. Kxg5 Nd5 70. Bc3+ Nxc3 71. Nxc3 Ne3 72. Nb1 Kf7 73. Kf4 Nc4 74. Ke4 Ke6 75. Kd4 Nb6 76. Kc3 Na4+ 77. Kb3 Kd5 78. Kxa4 Kc4 79. Ka3 Kb5 80. Kxb2 1/2-1/2

[Event "Chesterfield SPICE Cup op 18th"]
[Site "Chesterfield"]
[Date "2024.10.14"]
[Round "3"]
[White "Wan, Joseph C"]
[Black "Rahul, Mynala"]
[Result "1-0"]
[WhiteElo "2184"]
[BlackElo "1913"]
[PlyCount "75"]
[EventDate "2024.10.13"]
[EventType "swiss"]
[EventRounds "9"]
[EventCountry "USA"]
[SourceTitle "CB43_2024"]
[Source "Chessbase"]
[SourceDate "2024.10.23"]
[SourceVersion "1"]
[SourceVersionDate "2024.10.23"]
[SourceQuality "1"]

1. e4 c5 2. c3 e6 3. d4 d5 4. e5 Nc6 5. Nf3 cxd4 6. cxd4 Bb4+ 7. Nc3 Nge7 8. Bd3 Bd7 9. 0-0 Ng6 10. Be3 0-0 11. h4 f5 12. exf6 Qxf6 13. Ng5 h6 14. h5 Nf4 15. Nh7 Qh4 16. Nxf8 Rxf8 17. g3 Qg5 18. Be2 Bxc3 19. bxc3 e5 20. Bf3 exd4 21. Bxf4 Rxf4 22. Bg2 Rg4 23. Re1 Qxh5 24. Qb3 dxc3 25. Qxb7 Qf5 26. Rad1 Rb4 27. Qc7 c2 28. Rc1 Rb1 29. Qd6 Nb4 30. a3 Nd3 31. Qxd5+ Qe6 32. Rxe6 Rxc1+ 33. Kh2 Bxe6 34. Qxe6+ Kf8 35. Qd6+ Ke8 36. Qxd3 Rh1+ 37. Bxh1 c1Q 38. Qe3+ 1-0